000 00468nam a2200181Ia 4500
001 8406
005 20260306160607.0
008 260306t2007||||xx |||||||||||||| ||spa||
041 _aESP
082 _a370.72
_bP41
100 _aPeña Rodríguez, Faustino
_eAUT
245 0 _aReflexiones acerca de la investigación en educación y pedagogía
260 _c2007
300 _a218 páginas :
_c24 cm.
650 _aGEN
654 _aCED
942 _cLIB
_dJUS
_fJUS
_2ddc
_n
999 _c8406
_d8406